000
00308nam a2200121Ia 4500
008
180309s9999 xx 000 0 und d
020
_a
440203899
100
_a
Gordon, Sol
245
_a
When living hurts /
260
_a
USA :
_b
1988
_c
Dell pub
300
_a
159 pages
650
_a
Youth -- Suicidal behavior.
999
_c
356111
_d
356111